La evaluación formativa. Estrategias eficaces para regular el aprendizaje.

Salvato in:
Dettagli Bibliografici
Autore principale: Morales, Mariana (autora)
Altri autori: Fernández, Juan (autor), Sanmartí, Neus (prólogo)
Natura: Sconosciuto
Pubblicazione: Madrid, España: SM, 2022.
Serie:Biblioteca Innovación Educativa
Soggetti:
Tags: Aggiungi Tag
Nessun Tag, puoi essere il primo ad aggiungerne!!

MARC

LEADER 00000 a2200000 4500
003 CL-VaPUC
005 20230316095108.0
008 230313t2022 ||||| |||| 00| 0 eng d
999 |c 440113  |d 440111 
020 |a 978-84-112-0144-5 
040 |c Pontificia Universidad Católica de Valparaíso 
082 |2 22  |a 371.26 MOR 2022 
100 |a Morales, Mariana   |9 880511  |e autora 
245 |a La evaluación formativa.  |b Estrategias eficaces para regular el aprendizaje. 
260 |a Madrid, España:  |b SM,  |c 2022. 
300 |a 157 páginas. 
490 |a Biblioteca Innovación Educativa 
583 |k GC  |c 20230313 
650 0 |9 638475  |a Evaluación de estudiantes   |x Colegios y escuelas  
650 0 |9 258661  |a Educación  |x Exámenes y pruebas   |x Evaluación formativa  
700 |a Fernández, Juan  |e autor  |9 444818 
700 |a Sanmartí, Neus  |e prólogo  |9 880567 
942 |2 ddc  |c BK 
952 |0 0  |1 0  |2 ddc  |4 0  |6 371_260000000000000_MOR_2022  |7 0  |8 A  |9 588973  |a BIBHIS  |b BIBHIS  |d 2023-03-10  |e 52  |g 14275.37  |i 5656618  |l 3  |o 371.26 MOR 2022  |p 5656618  |r 2025-05-06  |s 2025-05-02  |t 1  |v 14275.37  |w 2023-03-10  |y BK  |k HIS